000 01011nam0a22002771 4500
001 rc\1067571
005 20041129104258.9
035 _a(NLR Aleph) 006227822
090 _a6539511
_c6539511
100 _a20041129d1980 u |0rusy50 ca
101 0 _arus
102 _aRU
105 _aa |||||||||
200 1 _aЛитье в кокиль
_f[С.Л. Бураков, А.И. Вейник, Н.П. Дубинин и др.]
_gПод ред. А.И. Вейника
210 _aМ.
_cМашиностроение
_d1980
215 _a415 с.
_cил.
_d22
300 _aАвт. указаны на обороте тит. л.
320 _aБиблиогр.: с. 397-405 (186 назв.)
320 _aУказ. предм. и имен: с. 406-411
701 1 _aБураков
_bС. Л.
_gСавелий Леонидович
702 1 _aВейник
_bА. И.
_gАльберт Иозефович
_4340
801 0 _aRU
_bNLR
_gpsbo
801 1 _aRU
_bELAR
_2rusmarc
852 _aNLR
_j80-5/5521
942 _cBOOK
980 _aNB